[Event "Sabadell Otero Memorial"]
[Site "Sabadell"]
[Date "2023.05.26"]
[Round "7"]
[White "Gutierrez Marin, Genis"]
[Black "Anglada Bigorda, Climent"]
[Result "0-1"]
[WhiteElo "1700"]
[BlackElo "1854"]
[PlyCount "74"]
[EventDate "2023.04.14"]
[EventType "swiss"]
[EventRounds "8"]
[EventCountry "ESP"]
[SourceTitle "EXT 2024"]
[Source "ChessBase"]
[SourceDate "2023.10.10"]
[SourceVersion "1"]
[SourceVersionDate "2023.10.10"]
[SourceQuality "1"]

1. e4 g5 2. Nc3 h5 3. d4 g4 4. Bf4 Bg7 5. Qd2 d6 6. Bc4 a6 7. h3 Nc6 8. hxg4 Bxg4 9. f3 Bd7 10. Nge2 b5 11. Bb3 Na5 12. e5 Nxb3 13. axb3 Bf5 14. Ng3 Bg6 15. exd6 cxd6 16. 0-0-0 Nf6 17. Rde1 Kf8 18. Bg5 b4 19. Nce4 Nd5 20. Rh4 f6 21. Be3 Rc8 22. Reh1 Nxe3 23. Qxe3 Bh6 24. f4 e5 25. Ne2 Qe7 26. Re1 Kg7 27. g4 exf4 28. Nxf4 Bxe4 29. Qxe4 Qxe4 30. Rxe4 d5 31. Kd1 dxe4 32. Nxh5+ Kg6 33. Ng3 Bf4 34. Nh5 Be3 35. d5 Rhd8 36. Ke2 Bg5 37. Rh3 Rxc2+ 0-1